Religion/Geography Twin Trivia Quiz Stats

 Plays Quiz Updated Mar 31, 2019

Score 0/26 Timer 04:00
4 Plays Today
Hint Answer % Correct
Geography (change one letter from religion answers)ATHENS
96.4%
Religion (change one letter from geography answers)ATHENA
95.6%
Religion (change one letter from geography answers)LAMA
93.7%
Geography (change one letter from religion answers)LIMA
92.9%
Geography (change one letter from religion answers)BERLIN
92.8%
Religion (change one letter from geography answers)MERLIN
89.1%
Geography (change one letter from religion answers)ROMA
87.4%
Geography (change one letter from religion answers)OMAN
75.6%
Geography (change one letter from religion answers)LAKE
72.6%
Religion (change one letter from geography answers)OMEN
70.6%
Geography (change one letter from religion answers)DAR
68.7%
Geography (change one letter from religion answers)NIGER
67.6%
Religion (change one letter from geography answers)TIGER
66.3%
Hint Answer % Correct
Geography (change one letter from religion answers)STAN
62.3%
Geography (change one letter from religion answers)MALI
59.5%
Religion (change one letter from geography answers)OX
57.3%
Religion (change one letter from geography answers)WAR
52%
Geography (change one letter from religion answers)OB
43.9%
Religion (change one letter from geography answers)LUKE
43.4%
Geography (change one letter from religion answers)FRANCE
41.3%
Geography (change one letter from religion answers)SUVA
39.3%
Religion (change one letter from geography answers)SWAN
38.1%
Religion (change one letter from geography answers)TRANCE
37.2%
Religion (change one letter from geography answers)KALI
35.4%
Religion (change one letter from geography answers)RAMA
31.5%
Religion (change one letter from geography answers)SURA
22.3%

You're not logged in!

Compare scores with friends on all Sporcle quizzes.
OR
Log In

Sporcle TV

Today on Sporcle TV


Watch our educational content, quiz creation guides, and fun videos on Sporcle TV.

Show Comments

Extras

Top Quizzes Today


Score Distribution

Your Account Isn't Verified!

In order to create a playlist on Sporcle, you need to verify the email address you used during registration. Go to your Sporcle Settings to finish the process.

Report this User

Report this user for behavior that violates our Community Guidelines.

Details: